A dictionary of ecology

Bibliographic Details
Main Author: ALLABY
Format: Book
Published: Oxford; New York : Oxford University Press , 1998
Edition:2nd ed.
Series:Oxford paperback reference
Subjects:

MARC

LEADER 00000cam a2200000 7i4500
001 0000000471
005 20000822.0
020 0 0 |a 0192800787 
090 0 0 |a R577.02   |b ALL 1998 
100 1 0 |a ALLABY   |h Michael 
245 1 2 |a A dictionary of ecology   |c edited by Michael Allaby 
250 0 0 |a 2nd ed. 
260 0 0 |a Oxford; New York :   |b Oxford University Press ,   |c 1998 
300 |a vi, 440 p. :   |b ill. ;   |c 20 cm. 
440 0 0 |a Oxford paperback reference 
500 0 0 |a Rev ed. of: The concise Oxford dictionary of ecology. 1994 
650 0 0 |a Ecology   |x Dictionaries 
650 0 0 |a Environmental sciences   |x Dictionaries 
999 |a 0000001609   |b Monograph   |c Reference   |e Default branch